000
00241nam a22000857a 4500
008
160716b xxu||||| |||| 00| 0 eng d
100
_9
2947
_a
Wilson, D.C
245
_a
Ten Fingers For God
260
_a
Chennai
_b
Evangelical Literature Service
_c
2006
999
_c
2511
_d
2511